Popular phones Quiz Stats

 Plays Quiz not verified by Sporcle

Challenge
Share
Tweet
Embed
Score 0/6 Timer 05:00
0 Plays Today
% Correct
nokia
62.5%
iphone
62.5%
blackberry bold
37.5%
samsung galaxy
37.5%
LG
37.5%
blackberry curve
25%

You're not logged in!

Compare scores with friends on all Sporcle quizzes.
OR
Log In

You Might Also Like...

Show Comments

Extras

Created Mar 28, 2012ReportNominate
Tags:Nintendo Quiz, phone

Top Quizzes Today


Score Distribution

Your Account Isn't Verified!

In order to create a playlist on Sporcle, you need to verify the email address you used during registration. Go to your Sporcle Settings to finish the process.

Report this User

Report this user for behavior that violates our Community Guidelines.

Details: